LEADER 01205nam a2200277 a 4500 001 000000140400 003 CaOOAMICUS 005 20141107121056.0 008 141107t1968 it 000 u ita r 040 $aPUL$bita 100 1 $aVerucci, Guido.$0(OLS)http://pul/name/4273 245 12$aI cattolici e il liberalismo dalle'amicizie cristiane'al modernismo:$bricerche e note critiche /$cGuido Verucci. 260 $aPadova :$bLiviana,$c1968. 300 $a261 p.$c22 cm 490 1 $aBiblioteca di cultura 504 $aInclude riferimenti bilbiografici. 650 4$aModernismo$zItalia.$0(OLS)http://pul/subject/693 650 4$aLiberalismo$zItalia$xStoria.$0(OLS)http://pul/subject/19003 830 0$aBiblioteca di cultura.$0(OLS)http://pul/title/132116 850 $aPUL 852 $aPUL$W1$xDP1 Fondo Capitani$y116$m1 A 58$j41577$qFondi$B161706$CPULBib$Z2$F161706 $HCap1961 $82 941 1 $a1 961 $aNota ms. di possesso : Capitani. 996 $6245$aI cattolici e il liberalismo dalle'amicizie cristiane'al modernismo:$bricerche e note critiche$9(OLS)http://pul/title/177721 996 $6260$aPadova :$bLiviana$9(OLS)http://pul/publisher/50671 LEADER 01251nam a2200277 a 4500 001 000000147655 003 CaOOAMICUS 005 20151125111904.0 008 151125s1965 fr u000 u fre r 032 $aLibriCat 040 $aPUL$bita 100 1 $aBréhier, Emile,$d1876-1952.$0(OLS)http://pul/name/9234 245 10$aEtudes de philosophie moderne / $cpar Emile Bréhier. 260 $aParis :$bPresses Universitaires de France,$c1965. 300 $a242 p. ;$c25 cm. 490 1 $aPublications de la Faculté des lettres et sciences humaines de Paris.$aSérie "Etudes et méthodes" ;$v12 500 $aContiene indice. 504 $aBibliografia in nota. 650 4$aFilosofia moderna$xStudi.$0(OLS)http://pul/subject/4809 830 0$aPublications de la Faculté des lettres et sciences humaines de Paris.$pSérie "Etudes et méthodes" ;$v12.$0(OLS)http://pul/title/186341 850 $aPUL 852 $aPUL$W1$xDP1 Fondo Bordoni$y120$m2 A 32$j353$qFondi$B171457$CPULBib$Z2$F171457 $HBor2182 $81 941 1 $a1 996 $6245$aEtudes de philosophie moderne / $9(OLS)http://pul/title/186340 996 $6260$aParis :$bPresses Universitaires de France$9(OLS)http://pul/publisher/47940